000 00601nam a2200241 a 4500
001 nice12345678
003 IN_TiNIC
005 20260116012313.0
008 050524s1986 dela grp 000 0 eng
020 _a
_c10
082 0 0 _a261.8343
_bCHA
100 _aChatterji, Jyotsna
245 _aVision and Service
_b 12 Bible Studies for Women
260 _aDelhi
_bISPCK
_c1986
300 _a68p
500 _aincludes index and biblioraphy
505 2 _aBibliography
650 _aWomen in Christianity
700 1 _aChatterji, Jyotsna
902 _bSRS
942 _cBK
999 _c6469
_d6469